000
00232nam a2200085Ia 4500
008
120527s9999 xx 000 0 und d
100
_a
Merriman,P.A.et al.
245
_a
Natural disasters:protecting vulnerable communities.
942
_c
BK
999
_c
21806
_d
21806